Municipios de la Provincia de Sevilla - Statistics

General Stats
  • This quiz has been taken 57 times
  • The average score is 44 of 108
Answer Stats
Answer % Correct
Carmona
85%
Dos Hermanas
85%
Écija
85%
Utrera
85%
Sevilla
83%
Mairena del Aljarafe
81%
Alcalá de Guadaíra
77%
Camas
77%
Marchena
77%
Lora del Río
75%
Mairena del Alcor
73%
Morón de la Frontera
71%
Los Palacios y Villafranca
69%
Coria del Río
67%
Osuna
65%
Bormujos
60%
Estepa
60%
Bollullos de la Mitación
58%
Lebrija
58%
Castilleja de la Cuesta
56%
Tomares
56%
Gines
54%
Pilas
54%
Alcalá del Río
52%
Aznalcóllar
52%
Benacazón
52%
Cazalla de la Sierra
52%
El Viso del Alcor
52%
Las Cabezas de San Juan
52%
Brenes
50%
La Puebla del Río
50%
Valencina de la Concepción
50%
Arahal
48%
Sanlúcar la Mayor
48%
La Algaba
46%
Santiponce
46%
Aznalcázar
44%
Gelves
44%
Gerena
44%
La Puebla de Cazalla
44%
Castilleja de Guzmán
42%
El Cuervo de Sevilla
42%
Cantillana
40%
Constantina
40%
Espartinas
40%
Isla Mayor
40%
Fuentes de Andalucía
38%
Guillena
38%
Herrera
38%
Huévar
38%
La Campana
38%
Marinaleda
38%
Almensilla
35%
Coripe
35%
La Puebla de los Infantes
35%
Olivares
35%
Palomares del Río
35%
Burguillos
33%
Lora de Estepa
33%
Umbrete
33%
Villamanrique de la Condesa
33%
Villanueva del Río y Minas
33%
Villaverde del Río
33%
Aguadulce
31%
Alanís
31%
Albaida del Aljarafe
31%
Carrión de los Céspedes
31%
El Pedroso
31%
El Ronquillo
31%
Guadalcanal
31%
Salteras
31%
San Nicolás del Puerto
31%
Villanueva del Ariscal
31%
Almadén de la Plata
29%
Casariche
29%
Castilleja del Campo
29%
El Coronil
29%
La Luisiana
29%
La Roda de Andalucía
29%
Los Molares
29%
Tocina
29%
Algámitas
27%
Badolatosa
27%
El Rubio
27%
Lantejuela
27%
Paradas
27%
Pruna
27%
Alcolea del Río
25%
El Saucejo
25%
Gilena
25%
Martín de la Jara
25%
Montellano
25%
Peñaflor
25%
Cañada Rosal
23%
Castilblanco de los Arroyos
21%
El Madroño
21%
El Real de la Jara
21%
Pedrera
21%
Las Navas de la Concepción
19%
Los Corrales
19%
El Garrobo
17%
Villanueva de San Juan
17%
Montequinto
13%
Los Rosales
10%
San Juan de Aznafarache
4%
Castillo de las Guadas
0%
La Rinconeda
0%
No matching quizzes found
Score Distribution
Percent of People with Each Score
Percentile by Number Answered
Your Score History
You have not taken this quiz